000 00491nam a2200181 i 4500
001 28808
003 ES-MaACL
005 20230906153931.0
007 t|
008 030120s1973 sp ||||1| spa d
100 1 _aBarbancho, Alfonso G.
_925380
245 1 0 _aComplementos de econometría /
_cpor Alfonso G. Barbancho.
250 _a3ª ed.
260 _aBarcelona, etc. :
_bAriel,
_c[1973]
300 _a195 p. ;
_c23 cm.
650 0 4 _aEconometría.
_912005
852 _aES-MaACL
_jE-5333
999 _c28808
_d28808